Logo BPK

Biblioteka

Politechniki Koszalińskiej

La France aux cent visage : (Rekord nr 36264)

Szczegóły MARC
000 -ETYKIETA REKORDU
podpole kontrolne o stałej długości 00573nam a2200205 i 4500
001 - NUMER KONTROLNY REKORDU
pole kontrolne bg
020 ## - MIĘDZYNARODOWY ZNORMALIZOWANY NUMER KSIĄŻKI - ISBN
ISBN 2278045714
040 ## - ŹRÓDŁO KATALOGOWANIA
Instytucja, która utworzyła rekord BPK
041 0# - KOD JĘZYKA
Kod języka tekstu fr
080 ## - UNIWERSALNA KLASYFIKACJA DZIESIĘTNA - UKD
UKD 811.133.1(075.8)
920 ## - Międzynarodowy znormalizowany numer książki – ISBN
ISBN 2-278-04571-4
008 - POLE O STAŁEJ DŁUGOŚCI - DANE KONTROLNE
podpole kontrolne o stałej długości s pl f |000 0 pol
100 1# - NAZWA OSOBOWA
Nazwa osobowa HINGUE, Anne-Marie
245 10 - TYTUŁ/ODPOWIEDZIALNOŚĆ
Tytuł La France aux cent visage :
Ciąg dalszy tytułu cahier d'activitès /
Pozostałe elementy strefy tytułu i oznaczenia odpowiedzialności Anne-Marie Hingue.
260 ## - STREFA ADRESU WYDAWNICZEGO
Miejsce wydania Paris :
Nazwa wydawcy/dystrybutora Hatier :
-- Didier,
Data publikacji, dystrybucji/powstania dokumentu cop.1996.
300 ## - STREFA OPISU FIZYCZNEGO
Objętość 63 s. ;
Rozmiary 28 cm +
Dokument towarzyszący Corrieges : 16 s.
650 #9 - HASŁO PRZEDMIOTOWE W FORMIE NAZWY OGÓLNEJ LUB JEDNOSTKOWEJ
Nazwa ogólna lub geograficzna Język francuski
655 ## - TERMIN INDEKSOWY - OKREŚLENIE RODZAJU/FORMY DOKUMENTU
Określenie rodzaju/formy dokumentu Podręczniki akademickie
942 ## - DODATKOWE ELEMENTY (KOHA)
Typ dokumentu Książka
Egzemplarze
Wycofany Status egzemplarza Uszkodzony Dostępność Lokalizacja stała Lokalizacja bieżąca Miejsce przechowywania Sygnatura Kod kreskowy Dział Typ dokumentu
      Tylko na miejscu Biblioteka Politechniki Koszalińskiej Biblioteka Politechniki Koszalińskiej Czytelnia Wydziałowa ul. Kwiatkowskiego 6e 50161 01431216 811.133.1 Język francuski Książka
      Dostępny Biblioteka Politechniki Koszalińskiej Biblioteka Politechniki Koszalińskiej Wypożyczalnia BG 50162 01431209   Książka
© 2023 Biblioteka Politechniki Koszalińskiej :: KOHA